000
00300 a2200133 4500
001
194955
040
_c
Magnum
100
_a
Sousa, Maurício de
240
1
0
_a
Turma da Mônica Jovem
_l
por
245
1
0
_a
Turma da Mônica Jovem
300
_a
132
697
_a
LITERATURA INFANTO-JUVENIL
942
_c
BK
999
_c
194955
_d
194955